000 00648nam a2200205Ia 4500
008 140626s9999 xx 000 0 und d
100 _aCraig, Adam.
245 _aSuspicious minds :
_b exploring neural processes during exposure to deceptive advertising /
_cAdam Craig ... [et al.].
260 _cc2012.
300 _a49 : 3, page 361
440 _aJournal of Marketing Research
521 _aBSBA
650 _aDeceptive advertising.
650 _aDecision neuroscience.
650 _aFunctional magnetic resonance imaging.
650 _aMetacognition.
650 _aPersuasion knowledge.
650 _aTheory of mind.
942 _cSE
999 _c121036
_d121036